| 000 | 01123cab a2200181 4500 | ||
|---|---|---|---|
| 001 | ##L132960 | ||
| 008 | 060327n2006 000 0 eng u | ||
| 035 | _a(Sirsi) u132960 | ||
| 041 | 0 | _aeng | |
| 100 | 1 | _aSoltani, Sonia | |
| 245 | 0 | 0 | _aYoung, gifted and in the black |
| 260 | _c2006 | ||
| 490 | 0 |
_aBuilding _v271(8423) 24 March 2006, 38-41(4) |
|
| 520 | _aThe first "Building"/PSD housebuilders' salary survey has revealed that salaries and packages on offer in the housebuilding sector outweigh those in comparable areas of the property market, with more positions available than qualified people to fill them. The survey also reveals that there is scope for young people to progress quickly, with the average age at director level being significantly lower than it was five to ten years ago. The sector still has difficulty, however, in enticing graduates and skilled people from other areas of the property sector. Contains tables showing average pay of directors and managers nationally and regionally. | ||
| 590 | _aIKA280306 | ||
| 690 | _aCAREERS, EDUCATION AND TRAINING-SURVEYING APPOINTMENTS | ||
| 942 | _n0 | ||
| 999 |
_c76718 _d76718 |
||